Sports Quiz

Random Sports or NFL Quiz

NFL Teams By Last Championship Quiz Stats

 Plays Quiz not verified by Sporcle

Score 0/32 Timer 08:00
0 Plays Today
Season Team % Correct
2010-2011Green Bay Packers
99.1%
2009-2010New Orleans Saints
98.3%
2008-2009Pittsburgh Steelers
97.4%
2006-2007Indianapolis Colts
95.7%
2007-2008New York Giants
92.2%
2004-2005New England Patriots
89.6%
2000-2001Baltimore Ravens
80.9%
2002-2003*Houston Texans
80%
1995-1996Dallas Cowboys
79.1%
1999-2000St. Louis Rams
78.3%
1998-1999Denver Broncos
76.5%
2002-2003Tampa Bay Buccaneers
75.7%
1994-1995San Francisco 49ers
75.7%
1995-1996*Carolina Panthers
73.9%
1995-1996*Jacksonville Jaguars
73.9%
1985-1986Chicago Bears
73.9%
Season Team % Correct
1991-1992Washington Redskins
73%
1983-1984Los Angeles Raiders
73%
1973-1974Miami Dolphins
69.6%
1969-1970Kansas City Chiefs
68.7%
1968-1969New York Jets
68.7%
1976-1977*Seattle Seahawks
63.5%
1956-1957***Detroit Lions
62.6%
1946-1947***Chicago Cardinals
59.1%
1968-1969*Cincinnati Bengals
59.1%
1964-1965**Buffalo Bills
57.4%
1963-1964***Cleveland Browns
57.4%
1962-1963**San Diego Chargers
57.4%
1961-1962*Minnesota Vikings
57.4%
1966-1967*Atlanta Falcons
56.5%
1959-1960***Philadelphia Eagles
56.5%
1960-1961**Houston Oilers
55.7%

You're not logged in!

Compare scores with friends on all Sporcle quizzes.
OR
Log In

Show Comments

Extras

Created Nov 4, 2010ReportNominate
Tags:NFL Quiz, Championship, last, season, team

Top Quizzes Today


Score Distribution

Your Account Isn't Verified!

In order to create a playlist on Sporcle, you need to verify the email address you used during registration. Go to your Sporcle Settings to finish the process.

Report this User

Report this user for behavior that violates our Community Guidelines.

Details: